Objective Questions in Defence and Strategic Studies: (Record no. 190773)

MARC details
000 -LEADER
fixed length control field 00632nam a22001817a 4500
005 - DATE AND TIME OF LATEST TRANSACTION
control field 20220804150315.0
010 ## - LCCN (DPL NO)
LC control number ENG-134263
020 ## - INTERNATIONAL STANDARD BOOK NUMBER
International Standard Book Number 9789353211301
Terms of availability 500.00
035 ## - SYSTEM CONTROL NUMBER
System control number EN-117795
037 ## - SOURCE OF ACQUISITION
Source of stock number/acquisition DBAD/PUB
082 ## - DEWEY DECIMAL CLASSIFICATION NUMBER
Classification number 000
100 ## - MAIN ENTRY--PERSONAL NAME
Personal name Bhosale, Devidas Vijay
245 ## - TITLE STATEMENT
Title Objective Questions in Defence and Strategic Studies:
Remainder of title For Net/Slet/Set Paper II & Other Competitive Examinations/
Statement of responsibility, etc Devidas Vijay Bhosale
260 ## - PUBLICATION, DISTRIBUTION, ETC. (IMPRINT)
Place of publication, distribution, etc Pune
Name of publisher, distributor, etc Devidas Vijay Bhosale
Date of publication, distribution, etc 2018
270 ## - ADDRESS
Address Vrindawan Bunglow, SamarthNagar, Gunawadi Road, Baramati
City Pune
300 ## - PHYSICAL DESCRIPTION
Extent 380p.
Dimensions 25cm(pbk)
942 ## - ADDED ENTRY ELEMENTS (KOHA)
Source of classification or shelving scheme Dewey Decimal Classification
Item type English Books
Classification part 000
Call number suffix BHO
Holdings
Withdrawn status Lost status Not for loan Collection code Home library Current library Date acquired Source of acquisition Cost, normal purchase price Full call number Barcode Copy number Cost, replacement price Koha item type
      Non-fiction Bawana Bawana 04/08/2022 DBAD/PUB 500.00 000 BHO EN-117795 1 500.00 English Books

© Delhi Public Library
Hit Counter
free hit counter